|
|
|
|
| LEADER |
01085nam a22003012a 4500 |
| 001 |
001613914 |
| 003 |
CZ BrMZK |
| 005 |
20180418062651.0 |
| 007 |
ta |
| 008 |
180125s1967 gw frm||||||||||ger d |
| 040 |
|
|
|a BOA001
|b cze
|e aacr2
|
| 072 |
|
7 |
|a 577
|x Biochemie. Molekulární biologie. Biofyzika
|2 Konspekt
|9 2
|
| 080 |
|
|
|a 595.384.1
|2 MRF
|
| 080 |
|
|
|a 577.152.2
|2 MRF
|
| 080 |
|
|
|a (043.3)
|2 MRF
|
| 100 |
1 |
|
|a Wolter, Sabine
|4 dis
|
| 245 |
1 |
0 |
|a Isolierung und Charakterisierung von zwei Hexokinasen unterschiedlicher Spezifität aus dem Flusskrebs Orconectes limosus (Rafinesque) /
|c Sabine Wolter
|
| 260 |
|
|
|a Berlin :
|b Sabine Wolter,
|c 1967
|
| 300 |
|
|
|a 74 s.
|
| 502 |
|
|
|a Disertace--Freie Universität Berlin, 1967
|
| 650 |
0 |
7 |
|a rak pruhovaný
|7 ph546070
|2 czenas
|
| 650 |
0 |
7 |
|a kinázy
|7 ph121589
|2 czenas
|
| 655 |
|
7 |
|a disertace
|7 fd132024
|2 czenas
|
| 710 |
2 |
|
|a Freie Universität Berlin
|7 kn20010710196
|4 isb
|
| 910 |
|
|
|a BOA001
|b X-0604.412
|
| 990 |
|
|
|a BK
|
| 991 |
|
|
|b 201801
|
| 996 |
7 |
|
|b 2618927936
|c X-0604.412
|l MZK
|r Sklad / do 24 hodin
|n 0
|w 001649195
|u 000010
|a 1
|e BOA001
|j MZK50
|s A
|